| 000 | 00708nam a2200253Ia 4500 | ||
|---|---|---|---|
| 003 | OSt | ||
| 005 | 20221006143838.0 | ||
| 006 | a|||||r|||| 00| 0 | ||
| 007 | ta | ||
| 008 | 221006b |||||||| |||| 00| 0 eng d | ||
| 020 |
_c _10.00 |
||
| 024 | _a10,176 | ||
| 037 | _cTextual | ||
| 040 |
_aEASL _cEASL _beng |
||
| 041 |
_2eng _aeng |
||
| 082 | _aWv41.A, L3 | ||
| 100 |
_aDE GRAZIA Sebastian Ed. _9650541 |
||
| 245 | 0 |
_aMasters of Chinese political thought _b From the beginnings to the Han Dynasty |
|
| 260 |
_aNew York _bViking Press _c1973 |
||
| 300 |
_a10,430p. _ccm. |
||
| 490 | _v CEL | ||
| 942 |
_hWv41.A, L3 _cTEXL _2CC |
||
| 999 |
_c1078262 _d1078262 |
||